SIAM Journal on Control and Optimization

Saved in:
Bibliographic Details
Format: Serial
Published: 1992
Tags: Add Tag
No Tags, Be the first to tag this record!

MARC

LEADER 00000nas a22000003a 4500
001 stu69822
005 20141121234457.4
008 011106s1992----------------------------d
040 |a STU  |b slo 
041 0
245 |a SIAM Journal on Control and Optimization 
260 |c 1992 
500 |a 1992 
500 |a 6 
500 |a 1-6 
773 0 |t SIAM Journal on Control and Optimization  |w stu_us_cat*stu60244  |x 0363-0129  |7 nnas 
996 |d Vol. 30, 1992  |v Vol. 30  |y 1992  |l EE0103  |s A  |a 24  |w stu69822_0001